000 01065nac a22003011i 4500
003 EG-ScBUE
005 20250126102823.0
008 250126t1988 nyua f b 001 0 eng d
020 _a9780471465096
020 _a0471465097
040 _aEG-ScBUE
_beng
_erda
_cEG-ScBUE
_dEG-ScBUE
082 0 4 _a530
_bHAL
_222
100 1 _aHalliday, David,
_eauthor.
245 1 0 _aFundamentals of physics /
_cDavid Halliday, University of Pittsburgh, Robert Resnick, Rensselaer Polytechnic Institute, Jearl Walker, Cleveland State University.
250 _aSeventh edition.
264 1 _aNew York :
_bWiley,
_c[1988]
264 4 _cc1988
300 _a1 volume (various pagings) :
_billustrations (some color) ;
_c26 cm
336 _2rdacontent
_atext
_btxt
337 _aunmediated
_2rdamedia
_bn
338 _avolume
_bnc
_2rdacarrier
504 _aIncludes bibliographical references and index.
650 7 _aPhysics.
_2BUEsh
655 _vReading book
700 1 _aResnick, Robert,
_d1923-
_eauthor.
700 1 _aWalker, Jearl,
_eauthor.
942 _cBB
_2ddc
999 _c4717
_d4717